000 nam a22 7a 4500
999 _c154773
_d154771
005 20200304120744.0
008 200304b mx ||||| |||| 00| 0 spa d
020 _a9686581723
050 0 4 _aJC423
_bL43 1995
100 1 _aLechner, Norbert
_d1939-2004,
_eautor
245 1 0 _aCultura política y gobernabilidad democrática
_c/ Norbert Lechner
250 _a1a ed.
260 _aMéxico :
_bInstituto Federal Electoral,
_c1995
300 _a53 p. :
_c21 cm.
490 0 _aColección Temas de la democracia. Serie Conferencias magistrales ;
_v1
650 7 _2lemb
_aCultura política
650 7 _2lemb
_aDemocracia
942 _2lcc
_cLIB